Maternal, Neonatal and Women's Health Nursing (Record no. 719)

000 -LEADER
fixed length control field 00653nam a22002177a 4500
003 - CONTROL NUMBER IDENTIFIER
control field OSt
005 - DATE AND TIME OF LATEST TRANSACTION
control field 20210421082958.0
008 - FIXED-LENGTH DATA ELEMENTS--GENERAL INFORMATION
fixed length control field 201218s2002 ||||| |||| 00| 0 eng d
020 ## - INTERNATIONAL STANDARD BOOK NUMBER
International Standard Book Number 0766801225
040 ## - CATALOGING SOURCE
Original cataloging agency eng
Language of cataloging eng
Transcribing agency DLC
Modifying agency eng
041 ## - LANGUAGE CODE
Language code of text/sound track or separate title eng
080 ## - UNIVERSAL DECIMAL CLASSIFICATION NUMBER
Universal Decimal Classification number 616-08
Item number L-81
100 ## - MAIN ENTRY--PERSONAL NAME
9 (RLIN) 547
Personal name Littleton, Y. Lynna
245 ## - TITLE STATEMENT
Title Maternal, Neonatal and Women's Health Nursing
Remainder of title : Student Study Guide to Accompany
Statement of responsibility, etc. / by: Thomson Learning
260 ## - PUBLICATION, DISTRIBUTION, ETC.
Place of publication, distribution, etc. Delmar
Name of publisher, distributor, etc. Thomson Learning
Date of publication, distribution, etc. 2002
300 ## - PHYSICAL DESCRIPTION
Extent 222 p.
650 #0 - SUBJECT ADDED ENTRY--TOPICAL TERM
9 (RLIN) 285
Topical term or geographic name entry element Patient Care
653 ## - INDEX TERM--UNCONTROLLED
Uncontrolled term პაციენტის მოვლა
700 ## - ADDED ENTRY--PERSONAL NAME
9 (RLIN) 548
Personal name Engebretson, C. Joan
942 ## - ADDED ENTRY ELEMENTS (KOHA)
Source of classification or shelving scheme
Koha item type Books
Holdings
Withdrawn status Lost status Source of classification or shelving scheme Damaged status Not for loan Permanent location Current location Date acquired Inventory number Total Checkouts Full call number Barcode Date last seen Price effective from Koha item type
          Ken Walker International University Ken Walker International University 12/18/2020 2240   616-08 L-81 2240 12/18/2020 12/18/2020 Books

Powered by Koha